| 000 | 00480nmm a2200169Ia 4500 | ||
|---|---|---|---|
| 008 | 251105s9999||||xx |||||||||||||||||und|| | ||
| 020 | _a8479087153 | ||
| 041 | _aspa | ||
| 100 | _aVaello Esquerdo, E. | ||
| 245 | 0 | _aIntroducción al Derecho Penal | |
| 264 |
_a[Madrid, España] : _bPublicaciones de la Universidad de Alicante, _c2002 |
||
| 300 | _a112 páginas | ||
| 490 | _aDerecho | ||
| 650 | _aLaw | ||
| 856 | _uhttps://public.digitaliapublishing.com/a/711 | ||
| 942 | _cCF | ||
| 999 |
_c73596 _d73596 |
||